Game theory /
Đã lưu trong:
| 主要作者: | |
|---|---|
| 格式: | Sách giấy |
| 出版: |
San Diego :
Academic Press,
c1995.
|
| 版: | 3rd ed. |
| 主题: | |
| 在线阅读: | Table of contents Publisher description |
| 标签: |
添加标签
没有标签, 成为第一个标记此记录!
|
| Thư viện lưu trữ: | Thư viện Trường Đại học Đà Lạt |
|---|
| LEADER | 01067nam a2200361 4500 | ||
|---|---|---|---|
| 001 | DLU110127270 | ||
| 005 | ##20111028 | ||
| 008 | ##950327s1995 caua b 001 0 eng | ||
| 010 | # | # | |a 95012397 |
| 020 | # | # | |a 0125311516 (case : alk. paper) |
| 035 | # | # | |9 (DLC) 95012397 |
| 040 | # | # | |a DLC |c DLC |d DLC |
| 082 | # | # | |a 519.3 |b OW-G |
| 100 | # | # | |a Owen, Guillermo. |
| 245 | # | # | |a Game theory / |c Guillermo Owen. |
| 250 | # | # | |a 3rd ed. |
| 260 | # | # | |a San Diego : |b Academic Press, |c c1995. |
| 300 | # | # | |a xii, 447 p. : |b ill. ; |c 21x30 cm. |
| 504 | # | # | |a Includes bibliographical references (p. 435-442) and index. |
| 650 | # | # | |a Game theory. |
| 856 | # | # | |3 Table of contents |u http://www.loc.gov/catdir/toc/els032/95012397.html |
| 856 | # | # | |3 Publisher description |u http://www.loc.gov/catdir/description/els032/95012397.html |
| 923 | # | # | |a 01/2011CT |
| 991 | # | # | |a GT |
| 992 | # | # | |a 0 |
| 994 | # | # | |a KCT |
| 900 | # | # | |a True |
| 911 | # | # | |a Đào Thị Thu Huyền |
| 925 | # | # | |a G |
| 926 | # | # | |a A |
| 927 | # | # | |a SH |
| 980 | # | # | |a Thư viện Trường Đại học Đà Lạt |


